| 000 | 01229nam a2200337 c 4500 | ||
|---|---|---|---|
| 001 | 201020 | ||
| 003 | ES-MaBCM | ||
| 005 | 20230228070348.0 | ||
| 008 | 151111s2015 sp | ||||o000 0 spa | ||
| 017 | _aM 23988-2015 | ||
| 020 | _a978-84-7351-456-9 | ||
| 021 | _axx | ||
| 024 | 7 |
_a635-15-035-4 _2NIPO |
|
| 035 | _a(OCoLC)931008584 | ||
| 040 | _cES-MaBCM | ||
| 100 | 1 |
_aPérez Sola, Nicolás _936523 |
|
| 245 | 1 | 3 |
_aLa defensa convencional de los derechos de España ¿es posible el diálogo entre tribunales? _cNicolás Pérez Sola |
| 250 | _a1ª ed. | ||
| 260 |
_aMadrid : _bInstituto Nacional de Administración Pública, _c2015 |
||
| 300 |
_a221 p. ; _c24 cm |
||
| 490 | 0 | _aMonografías / INAP, Instituto Nacional de Administración Pública | |
| 504 | _aBibliografía: p. 213-221 | ||
| 586 | _aII Premio Internacional de Investigación Jurídica Lorenzo Martín-Retortillo Baquer, 2015 | ||
| 610 | 2 | 7 | _aTribunal Europeo de Derechos Humanos |
| 650 | 2 | 7 |
_aDerechos políticos _958365 |
| 650 | 2 | 7 |
_aDerechos cívicos _958358 |
| 651 | 4 |
_aEspaña _9115342 |
|
| 655 | 4 |
_9115565 _aJurisprudencia |
|
| 710 | 2 |
_952380 _aInstituto Nacional de Administración Pública (España) _c (España) |
|
| 942 |
_2udc _cBK |
||
| 999 |
_c201020 _d201020 |
||